Statystyki dla 15 największych miast w województwie śląskim

Kliknij tutaj aby rozwiązać quiz!

Ogólne statystyki

  • Ten quiz został rozwiązany 77 razy
  • Średni wynik to 12 z 15

Statystyki odpowiedzi

MieszkańcyMiasto% Poprawnych
303 314Katowice
100%
210 249Sosnowiec
97%
231 527Częstochowa
92%
184 993Gliwice
90%
177 815Zabrze
90%
110 538Chorzów
85%
128 698Tychy
85%
173 462Bielsko-Biała
80%
172 762Bytom
80%
123 774Dąbrowa Górnicza
77%
140 094Rybnik
70%
141 090Ruda Śląska
65%
93 556Jaworzno
61%
75 028Mysłowice
58%
91 073Jastrzębie-Zdrój
45%

Rozkład punktacji

Percentyl według liczby udzielonych odpowiedzi

Procent ludzi z każdym wynikiem

Twoja historia wyników

Nie rozwiązałeś tego quizu